[Event "Niedersachsen-ch Seniors op 10th"]
[Site "Bad Bevensen"]
[Date "2007.07.11"]
[Round "9"]
[White "Zoeller, Henning"]
[Black "Schielke, Klaus"]
[Result "1-0"]
[WhiteElo "1333"]
[BlackElo "1419"]
[PlyCount "67"]
[EventDate "2007.07.03"]
[EventType "swiss"]
[EventRounds "9"]
[EventCountry "GER"]
[SourceTitle "EXT 2022"]
[Source "ChessBase"]
[SourceDate "2021.10.06"]
[SourceVersion "1"]
[SourceVersionDate "2021.10.06"]
[SourceQuality "1"]

1. e4 e5 2. Nf3 d6 3. h3 Nf6 4. Nc3 Be7 5. Bc4 0-0 6. d4 Nbd7 7. Be3 c6 8. Qe2 b5 9. dxe5 dxe5 10. Bd3 Qc7 11. 0-0 h6 12. a3 Bb7 13. b4 a5 14. Bd2 Rfd8 15. bxa5 Nc5 16. a4 Nxd3 17. cxd3 b4 18. Nd1 c5 19. Nb2 Ba6 20. Nc4 Bxc4 21. dxc4 Rxa5 22. Nh4 Qc6 23. f3 Rxa4 24. Nf5 Bf8 25. Rab1 Ra2 26. Rfd1 Nh5 27. Qe1 Qg6 28. g4 Nf4 29. Bxf4 Rxd1 30. Qxd1 exf4 31. Qd8 Qf6 32. Qb8 g6 33. e5 Qc6 34. Ne7+ 1-0

[Event "Niedersachsen-ch Seniors op 10th"]
[Site "Bad Bevensen"]
[Date "2007.07.07"]
[Round "5"]
[White "Kluge, Hans Christof"]
[Black "Schielke, Klaus"]
[Result "1/2-1/2"]
[WhiteElo "1543"]
[BlackElo "1419"]
[PlyCount "45"]
[EventDate "2007.07.03"]
[EventType "swiss"]
[EventRounds "9"]
[EventCountry "GER"]
[SourceTitle "EXT 2022"]
[Source "ChessBase"]
[SourceDate "2021.10.06"]
[SourceVersion "1"]
[SourceVersionDate "2021.10.06"]
[SourceQuality "1"]

1. d4 d5 2. Nf3 Nf6 3. e3 Bf5 4. c4 c6 5. Nc3 e6 6. Qb3 Qc7 7. Bd2 Nbd7 8. Nh4 Be7 9. Nxf5 exf5 10. Rc1 dxc4 11. Bxc4 0-0 12. Bd3 g6 13. 0-0 Rad8 14. f4 Nc5 15. Qc2 Nxd3 16. Qxd3 Qb8 17. Qe2 Bb4 18. a3 Bxc3 19. Bxc3 Rfe8 20. Rf3 Ne4 21. b4 Qd6 22. Be1 Rc8 23. Qc4 1/2-1/2

[Event "Bad Woerishofen Seniors op 21st"]
[Site "Bad Woerishofen"]
[Date "2005.03.11"]
[Round "9"]
[White "Schielke, Klaus"]
[Black "Buss, Richard"]
[Result "0-1"]
[WhiteElo "1438"]
[BlackElo "1373"]
[PlyCount "42"]
[EventDate "2005.03.03"]
[EventType "swiss"]
[EventRounds "9"]
[EventCountry "GER"]
[SourceTitle "EXT 2006"]
[Source "ChessBase"]
[SourceDate "2005.11.24"]
[SourceVersion "1"]
[SourceVersionDate "2005.11.24"]
[SourceQuality "1"]

1. d4 Nf6 2. c4 d5 3. e3 e6 4. Nc3 c5 5. Nf3 Nc6 6. cxd5 exd5 7. b3 cxd4 8. Nxd4 a6 9. Bd3 Bb4 10. Bb2 Ne4 11. Qc2 Bf5 12. 0-0 Bxc3 13. Bxc3 Bg6 14. Nxc6 bxc6 15. Bxg7 Rg8 16. Qxc6+ Ke7 17. Bd4 Qd7 18. Qc1 Bh5 19. f3 Qh3 20. Qb2 Bxf3 21. Qa3+ Ke6 0-1

[Event "Bad Woerishofen Seniors op 21st"]
[Site "Bad Woerishofen"]
[Date "2005.03.10"]
[Round "8"]
[White "Miessner, Rolf"]
[Black "Schielke, Klaus"]
[Result "1-0"]
[WhiteElo "1695"]
[BlackElo "1438"]
[PlyCount "23"]
[EventDate "2005.03.03"]
[EventType "swiss"]
[EventRounds "9"]
[EventCountry "GER"]
[SourceTitle "EXT 2006"]
[Source "ChessBase"]
[SourceDate "2005.11.24"]
[SourceVersion "1"]
[SourceVersionDate "2005.11.24"]
[SourceQuality "1"]

1. e4 e5 2. Nf3 d6 3. d4 Nd7 4. Bc4 Be7 5. 0-0 Ngf6 6. Bxf7+ Kxf7 7. Ng5+ Kg8 8. Ne6 Qe8 9. Nxc7 Qd8 10. Nxa8 Nxe4 11. dxe5 Nxe5 12. Qd5+ 1-0

[Event "Bad Woerishofen Seniors op 21st"]
[Site "Bad Woerishofen"]
[Date "2005.03.05"]
[Round "3"]
[White "Schielke, Klaus"]
[Black "Luecke, Volkmar"]
[Result "0-1"]
[WhiteElo "1438"]
[BlackElo "1863"]
[PlyCount "66"]
[EventDate "2005.03.03"]
[EventType "swiss"]
[EventRounds "9"]
[EventCountry "GER"]
[SourceTitle "EXT 2006"]
[Source "ChessBase"]
[SourceDate "2005.11.24"]
[SourceVersion "1"]
[SourceVersionDate "2005.11.24"]
[SourceQuality "1"]

1. d4 Nf6 2. c4 g6 3. Nc3 d5 4. e3 Bg7 5. cxd5 Nxd5 6. Bc4 Nxc3 7. bxc3 0-0 8. Ne2 a6 9. a4 Nd7 10. Ba3 Re8 11. 0-0 e6 12. Qc2 c5 13. Rfd1 Qc7 14. d5 exd5 15. Bxd5 Nf6 16. Bf3 Bg4 17. Rab1 Bxf3 18. gxf3 b6 19. c4 Qc6 20. e4 Rad8 21. Bb2 Nh5 22. Bxg7 Nxg7 23. Qb3 Rxd1+ 24. Rxd1 Ne6 25. Nc3 Nd4 26. Rxd4 cxd4 27. Nd5 Re6 28. Qb4 Qc5 29. Kf1 Qxb4 30. Nxb4 a5 31. Nd5 f5 32. exf5 gxf5 33. Nf4 Rc6 0-1